| 000 | 00523nam a2200169 a 4500 | ||
|---|---|---|---|
| 001 | 000047067 | ||
| 005 | 20201002053330.0 | ||
| 008 | 180412s2012 dr a 000 0 spa d | ||
| 020 | _a9789945122909 | ||
| 040 |
_aDO-SdBNP _bspa _cBNPHU |
||
| 082 |
_axxx _bA185c, 1ro. |
||
| 100 | 1 |
_aAcosta, Nergia Altagracia _974893 |
|
| 245 | 1 | 0 |
_aCiencias sociales 1 : _beducación básica / _cNergia Altagracia Acosta. |
| 260 |
_aSanto Domingo : _bSusaeta, _c2012. |
||
| 300 |
_a133 p. : _bil., ; _c29cm. |
||
| 590 | _aInventariado, 2018/MFF | ||
| 999 |
_c46555 _d46555 |
||